| 000 | 02040nam a22003137a 4500 | ||
|---|---|---|---|
| 003 | URS | ||
| 005 | 20250910110537.0 | ||
| 020 | _a9781446270929 (pbk.) | ||
| 040 |
_erda _cURS _bEnglish |
||
| 050 | 0 | 0 |
_aRT87.T45 _bN541 2014 |
| 100 |
_aNicol, Jane, _eauthor. _95890 |
||
| 245 | 1 | 0 |
_aPalliative and end of life care in nursing / _cJane Nicol and Brian Nyatanga. |
| 264 |
_aThousand Oaks, California : _bSAGE ; _c©2014. |
||
| 300 |
_axi, 170 pages ; _c25 cm. |
||
| 336 |
_atext _btxt _2rdacontent |
||
| 337 |
_aunmediated _bn _2rdamedia |
||
| 338 |
_avolume _bnc _2rdacarrier |
||
| 504 | _aIncludes bibliographical references and index. | ||
| 505 | _a Introduction -- The Idea of Life, Living, Dying and Death -- Holistic Care in Palliative and End-of-Life Care -- Communication in Palliative and End-of-Life Care -- Loss, Grief and Bereavement -- Culture and End-of-Life Care -- Ethical Issues in Palliative and End-of-Life Care -- Palliative Care in a Critical Care Setting -- Legal Issues in Palliative and End-of-Life Care. | ||
| 520 | _aWith the number of people requiring palliative and end-of-life care set to increase by 2020, it is the responsibility of every nurse, regardless of specialism, to know how to provide high-quality care to this group of people. Yet caring for those nearing the end of life can throw up complex issues, including handling bereavement, cultural and ethical issues, delivering care in a wide variety of settings, symptom management and also ensuring your own emotional resilience. This book is specifically designed to equip nursing students and non-specialists with the essential knowledge in relation to the care and management of people nearing the end of life. -- Provided by publisher. | ||
| 650 | 0 |
_aHospice and Palliative Care Nursing. _95885 |
|
| 650 | 0 |
_aPalliative Care. _95886 |
|
| 650 | 0 |
_aTerminal Care. _95887 |
|
| 650 | 0 |
_aPalliative treatment. _95888 |
|
| 650 | 0 |
_aTerminal Care. _95887 |
|
| 650 | 0 |
_aNursing. _91023 |
|
| 700 |
_aNyatanga, Brian, _eauthor. _95889 |
||
| 942 |
_2lcc _cFR |
||
| 999 |
_c80717 _d80716 |
||